000 00551nam a2200145 i 4500
001 190259
003 ES-MaACL
005 20230906223700.0
008 201002s1893 sp |||| | spa d
100 1 _aVilla y Olivera, Florentino.
_9133730
245 1 0 _aSentencia y voto reservado recaídos en la causa seguida ante la Audiencia de La Habana contra don Florentino Villa y otros por muerte de don Antonio Casademunt.
260 _aMadrid :
_b[s.n.],
_c1893 (
_fHijos de M. G. Hernández)
300 _a16 p. ;
_c23 cm.
852 _aES-MaACL
_jT-691-F-6
999 _c190259
_d190259